Institutes de Justinien. Traduites et expliquées
Uloženo v:
| Hlavní autor: | |
|---|---|
| Médium: | Kniha |
| Jazyk: | italština |
| Vydáno: |
París
Gustave Thorel
1851
|
| Vydání: | 8a. ed |
| Témata: | |
| Tagy: |
Přidat tag
Žádné tagy, Buďte první, kdo vytvoří štítek k tomuto záznamu!
|
MARC
| LEADER | 00000nam a2200000 a 4500 | ||
|---|---|---|---|
| 001 | UCR1727 | ||
| 003 | CL-VaPUC | ||
| 008 | 971219e18510000FR |||||||||||||||||ita|d | ||
| 082 | 0 | 4 | |a 340.5401 |b CAU |2 21 |
| 100 | 0 | |a Caurroy, A. M. du |e author |9 399138 | |
| 245 | 1 | 0 | |a Institutes de Justinien. Traduites et expliquées |
| 250 | |a 8a. ed | ||
| 300 | |a 2 v | ||
| 942 | |c BK | ||
| 945 | |d 19971219 00:00:00 |a aolguin | ||
| 260 | |a París |b Gustave Thorel |c 1851 | ||
| 650 | 0 | |a Derecho romano |9 255930 | |
| 650 | 0 | |a Instituciones jurídicas |9 380718 | |
| 650 | 7 | |a FUENTES |2 CL-VaPUC |9 255666 | |
| 650 | 0 | |a Código justiniano |9 395743 | |
| 650 | 0 | |a Derecho justiniano |9 397596 | |
| 583 | |a last modification |c 19971219 00:00:00 |k Rodrigo Vera | ||
| 999 | |c 265094 |d 265092 | ||
| 952 | |0 0 |1 0 |4 0 |6 340_540100000000000_CAU_1851 |7 0 |8 DER_ROM |9 295887 |a BIBDER |b BIBDER |d 2019-11-20 |h v.1 |i 1919369 |l 1 |o 340.5401 CAU 1851 |p 1919369 |r 2020-03-24 |s 2020-03-19 |w 2019-11-20 |x Ubicación 4to piso |y BK |z Este recurso debe solicitarse con anticipación |k DER | ||
| 952 | |0 0 |1 0 |4 0 |6 340_540100000000000_CAU_1851 |7 0 |8 DER_ROM |9 295888 |a BIBDER |b BIBDER |d 2019-11-20 |h v.2 |i 1919318 |l 1 |o 340.5401 CAU 1851 |p 1919318 |r 2023-01-25 |s 2020-03-19 |w 2019-11-20 |x Ubicación 4to piso |y BK |z Este recurso debe solicitarse con anticipación |k DER | ||